[Event "43. Olimpiada Batumi 2018 Femenina"]
[Site "Batumi GEO"]
[Date "2018.10.04"]
[Round "10.2"]
[White "Haile, Lidet Abate"]
[Black "Nepando, Jolly"]
[Result "1-0"]
[WhiteElo "1544"]
[BlackElo "1479"]
[PlyCount "113"]
[EventDate "2018.09.24"]
[EventType "team-swiss"]
[EventRounds "11"]
[EventCountry "GEO"]
[SourceTitle "Ajedrez en Madrid"]
[Source "lmi"]
[SourceDate "2018.09.24"]
[WhiteTeam "Ethiopia"]
[BlackTeam "Namibia"]
[WhiteTeamCountry "ETH"]
[BlackTeamCountry "NAM"]

1. e4 e5 2. Nf3 Nc6 3. Bc4 Bc5 4. d3 h6 5. O-O d6 6. h3 Nf6 7. Nc3 O-O 8. a3 a6
9. Ne2 Be6 10. Bxe6 fxe6 11. c3 d5 12. Qb3 b5 13. Ng3 Qd7 14. Re1 Rae8 15. Be3
d4 16. cxd4 exd4 17. Bd2 Kh8 18. Nh4 Qf7 19. Qc2 Ne5 20. f4 Ned7 21. b4 Bb6 22.
Rf1 c5 23. bxc5 Bxc5 24. Qb2 Nh5 25. Nxh5 Qxh5 26. Nf3 e5 27. f5 Rf6 28. Rf2 g5
29. Nh2 Qf7 30. Rff1 Rg8 31. Qc1 Rc6 32. Ng4 Rgc8 33. Qd1 Be7 34. f6 Bf8 35.
Qf3 h5 36. Nh2 Bh6 37. Qg3 Rxf6 38. Bxg5 Bxg5 39. Qxg5 Rg8 40. Rxf6 Nxf6 41.
Qxe5 Qg7 42. Ra2 Qg5 43. Qxd4 Qc1+ 44. Nf1 Qg5 45. Rf2 Kg7 46. e5 Ne8 47. e6+
Kh6 48. Ne3 Ng7 49. Rf6+ Kh7 50. Qe4+ Kh8 51. Rg6 Nxe6 52. Rxg5 Nxg5 53. Qe5+
Kh7 54. Kh2 h4 55. Nf5 Nf7 56. Qe7 Kg6 57. Qe6+ 1-0

[Event "43. Olimpiada Batumi 2018 Femenina"]
[Site "Batumi GEO"]
[Date "2018.10.04"]
[Round "10.3"]
[White "Shipindo, Rauha"]
[Black "Eshete, Ruth Leykun"]
[Result "1/2-1/2"]
[WhiteElo "1518"]
[BlackElo "1508"]
[PlyCount "190"]
[EventDate "2018.09.24"]
[EventType "team-swiss"]
[EventRounds "11"]
[EventCountry "GEO"]
[SourceTitle "Ajedrez en Madrid"]
[Source "lmi"]
[SourceDate "2018.09.24"]
[WhiteTeam "Namibia"]
[BlackTeam "Ethiopia"]
[WhiteTeamCountry "NAM"]
[BlackTeamCountry "ETH"]

1. e4 e5 2. Nf3 Nc6 3. Bb5 d6 4. d4 Bd7 5. d5 Nce7 6. Bxd7+ Qxd7 7. O-O f5 8.
exf5 Qxf5 9. Ng5 Nf6 10. Ne6 Nexd5 11. Ng5 Be7 12. Nf3 O-O 13. Be3 Qe6 14. h3
h6 15. Qd2 Nxe3 16. fxe3 Nh5 17. Nc3 c6 18. Rad1 Ng3 19. Rf2 Rad8 20. Kh2 Nf5
21. a3 Qg6 22. e4 Nh4 23. Nxh4 Bxh4 24. Rxf8+ Kxf8 25. Rf1+ Kg8 26. Rf3 Qe6 27.
g3 Be7 28. Qf2 b6 29. Qe2 Rf8 30. Rxf8+ Bxf8 31. Qa6 Qf7 32. Kg2 d5 33. exd5
cxd5 34. Qb5 Bc5 35. Qe2 Bd4 36. Nd1 Qc7 37. c3 Bc5 38. b4 Bd6 39. Qd3 Qc6 40.
Kf2 a5 41. Ne3 axb4 42. axb4 d4 43. cxd4 exd4 44. Qxd4 Bf8 45. Qd5+ Qxd5 46.
Nxd5 b5 47. Nc3 Bxb4 48. Nxb5 Kf7 49. Kf3 Kf6 50. Nc7 Bf8 51. Kg4 g5 52. Nd5+
Kg6 53. Kf3 Kf5 54. g4+ Kg6 55. Ke4 h5 56. Ke5 hxg4 57. hxg4 Bg7+ 58. Ke6 Bf8
59. Ne7+ Kg7 60. Nf5+ Kg6 61. Nd4 Bg7 62. Nf3 Bf8 63. Ne5+ Kg7 64. Kf5 Be7 65.
Nf3 Kh6 66. Ke6 Bd8 67. Kf7 Bc7 68. Nd4 Bf4 69. Kf6 Kh7 70. Ne6 Kh6 71. Nd4 Bc1
72. Nf5+ Kh7 73. Kf7 Bf4 74. Kf6 Bc1 75. Nd6 Bb2+ 76. Kxg5 Kg7 77. Kf5 Kg8 78.
Kg6 Bg7 79. Ne8 Bb2 80. Nf6+ Kf8 81. Nd5 Kg8 82. Kf5 Kf7 83. g5 Kg7 84. g6 Kf8
85. Nf6 Kg7 86. Nh7 Kg8 87. Nf6+ Kg7 88. Ne8+ Kg8 89. Ke6 Kf8 90. Nd6 Kg7 91.
Kf5 Kf8 92. Nf7 Kg7 93. Kg5 Kg8 94. Kh6 Bg7+ 95. Kg5 Bb2 1/2-1/2

[Event "43. Olimpiada Batumi 2018 Femenina"]
[Site "Batumi GEO"]
[Date "2018.10.04"]
[Round "10.4"]
[White "Bantiwalu, Aster Melake"]
[Black "Valombola, Magdalena"]
[Result "1-0"]
[WhiteElo "1365"]
[BlackElo "1364"]
[PlyCount "119"]
[EventDate "2018.09.24"]
[EventType "team-swiss"]
[EventRounds "11"]
[EventCountry "GEO"]
[SourceTitle "Ajedrez en Madrid"]
[Source "lmi"]
[SourceDate "2018.09.24"]
[WhiteTeam "Ethiopia"]
[BlackTeam "Namibia"]
[WhiteTeamCountry "ETH"]
[BlackTeamCountry "NAM"]

1. e4 d5 2. exd5 Qxd5 3. Nc3 Qd8 4. Nf3 Nf6 5. Bc4 e6 6. O-O Be7 7. d3 b6 8.
Bf4 a6 9. a3 b5 10. Bb3 Bb7 11. Qe2 O-O 12. Rfe1 Nbd7 13. d4 c5 14. d5 c4 15.
dxe6 cxb3 16. exd7 Bc5 17. cxb3 Qxd7 18. Rad1 Qf5 19. Qe5 Bxf2+ 20. Kf1 Qg6 21.
Qe2 Bxe1 22. Rxe1 Bxf3 23. Qxf3 Rad8 24. Re5 Rfe8 25. Rg5 Qd3+ 26. Qxd3 Rxd3
27. b4 Ne4 28. Re5 Rxe5 29. Bxe5 Nxc3 30. Bxc3 f5 31. Ke2 Rd5 32. Kf3 h5 33. h3
Kh7 34. Kf4 g6 35. h4 Rd1 36. g3 Rf1+ 37. Ke3 Kg8 38. Be5 Kf7 39. Kd4 Rd1+ 40.
Kc5 Ke6 41. Bf4 Rb1 42. Kb6 Rxb2 43. Kxa6 Ra2 44. Kxb5 Rxa3 45. Kc4 Kd7 46. Kc5
Kc8 47. Kb6 Rd3 48. b5 Rd7 49. Ka6 Re7 50. b6 Rb7 51. Kb5 Kd7 52. Kc5 Kc8 53.
Kc6 Rf7 54. Be5 Re7 55. Bd6 Rd7 56. Bc7 Rxc7+ 57. bxc7 g5 58. hxg5 h4 59. g6
hxg3 60. g7 1-0

[Event "43. Olimpiada Batumi 2018 Femenina"]
[Site "Batumi GEO"]
[Date "2018.10.04"]
[Round "10.1"]
[White "Gurung, Sushila"]
[Black "Ayiku, Angela Naa Amerley"]
[Result "0-1"]
[WhiteElo "1414"]
[BlackElo "1439"]
[PlyCount "116"]
[EventDate "2018.09.24"]
[EventType "team-swiss"]
[EventRounds "11"]
[EventCountry "GEO"]
[SourceTitle "Ajedrez en Madrid"]
[Source "lmi"]
[SourceDate "2018.09.24"]
[WhiteTeam "Nepal"]
[BlackTeam "Ghana"]
[WhiteTeamCountry "NEP"]
[BlackTeamCountry "GHA"]

1. d4 d5 2. c4 c6 3. Nc3 Nf6 4. Nf3 Bg4 5. Ne5 e6 6. Nxg4 Nxg4 7. e4 Nf6 8.
cxd5 cxd5 9. Bb5+ Nc6 10. e5 Ne4 11. Nxe4 dxe4 12. O-O Qb6 13. Ba4 Rd8 14. Qc2
Be7 15. Be3 Qa6 16. a3 b5 17. Bb3 Nxd4 18. Bxd4 Rxd4 19. Rad1 Rxd1 20. Rxd1 Qb7
21. Rd4 O-O 22. Rxe4 Rc8 23. Qe2 Rc1+ 24. Bd1 Rxd1+ 25. Qxd1 Qxe4 26. h3 Qxe5
27. b4 Qb2 28. Qd3 a6 29. Qf3 g6 30. Qa8+ Kg7 31. Qxa6 Qe5 32. Qa5 Qa1+ 33. Kh2
Bd6+ 34. g3 Qf1 35. Qb6 Be5 36. Qe3 Qa1 37. Qd3 Bb2 38. Qxb5 Qxa3 39. Qc4 Be5
40. Kg2 Qc3 41. Qe4 Qb2 42. Qc4 Bd4 43. h4 Qxf2+ 44. Kh3 Be5 45. Qd3 h5 46. b5
Qg1 47. Qf3 Bc7 48. Qc3+ e5 49. Qc6 Qf1+ 50. Kh2 Qf2+ 51. Kh3 Bb6 52. Qd5 Qf5+
53. Kg2 e4 54. Qc6 Qf3+ 55. Kh2 Qf2+ 56. Kh3 Qf1+ 57. Kh2 Qg1+ 58. Kh3 Qh1# 0-1

[Event "43. Olimpiada Batumi 2018 Femenina"]
[Site "Batumi GEO"]
[Date "2018.10.04"]
[Round "10.2"]
[White "Benson, Maud"]
[Black "Joshi, Sindira"]
[Result "1-0"]
[WhiteElo "1334"]
[BlackElo "1584"]
[PlyCount "53"]
[EventDate "2018.09.24"]
[EventType "team-swiss"]
[EventRounds "11"]
[EventCountry "GEO"]
[SourceTitle "Ajedrez en Madrid"]
[Source "lmi"]
[SourceDate "2018.09.24"]
[WhiteTeam "Ghana"]
[BlackTeam "Nepal"]
[WhiteTeamCountry "GHA"]
[BlackTeamCountry "NEP"]

1. e4 e5 2. Nf3 Nf6 3. Nc3 Bb4 4. d3 d5 5. Bd2 d4 6. Ne2 Bxd2+ 7. Qxd2 Nbd7 8.
Ng3 O-O 9. Be2 Re8 10. O-O-O Nf8 11. Nh4 Nxe4 12. dxe4 Qxh4 13. Bd3 Ng6 14. Nf5
Qf4 15. g3 Qxd2+ 16. Rxd2 Ne7 17. Nxe7+ Rxe7 18. f4 b6 19. f5 f6 20. Bc4+ Kh8
21. Bd5 Rb8 22. h4 Bb7 23. Bxb7 Rxb7 24. g4 c5 25. Rg1 c4 26. c3 dxc3 27. Rd8+
1-0

[Event "43. Olimpiada Batumi 2018 Femenina"]
[Site "Batumi GEO"]
[Date "2018.10.04"]
[Round "10.3"]
[White "Lohani, Sujana"]
[Black "Felix, Tobi"]
[Result "1-0"]
[WhiteElo "1537"]
[BlackElo "1468"]
[PlyCount "97"]
[EventDate "2018.09.24"]
[EventType "team-swiss"]
[EventRounds "11"]
[EventCountry "GEO"]
[SourceTitle "Ajedrez en Madrid"]
[Source "lmi"]
[SourceDate "2018.09.24"]
[WhiteTeam "Nepal"]
[BlackTeam "Ghana"]
[WhiteTeamCountry "NEP"]
[BlackTeamCountry "GHA"]

1. d4 Nf6 2. Nf3 d5 3. c4 e6 4. g3 Be7 5. Bg2 O-O 6. O-O c5 7. cxd5 exd5 8. Nc3
Nc6 9. Bf4 a6 10. Rc1 Bf5 11. a3 Rc8 12. e3 cxd4 13. Nxd4 Qd7 14. Nxf5 Qxf5 15.
Nxd5 Nxd5 16. e4 Ne3 17. Bxe3 Qe5 18. Qb3 Na5 19. Qd5 Qxd5 20. exd5 Nc4 21. Bd4
Nd2 22. Rfd1 Rxc1 23. Rxc1 Nb3 24. Rd1 Nxd4 25. Rxd4 Bd6 26. Bh3 Re8 27. Kf1 a5
28. a4 b6 29. Rc4 Bc5 30. Bd7 Re5 31. Bc6 Kf8 32. f3 Re3 33. Re4 Rxf3+ 34. Ke1
Re3+ 35. Rxe3 Bxe3 36. d6 Bg5 37. Ke2 Bd8 38. Kd3 f6 39. Kc4 Kf7 40. Bd7 g6 41.
Kd5 f5 42. Kc6 Kf6 43. Bc8 Kf7 44. Kd7 Bf6 45. b3 Bd4 46. Bb7 Be5 47. Bd5+ Kf8
48. Ke6 Bd4 49. d7 1-0

[Event "43. Olimpiada Batumi 2018 Femenina"]
[Site "Batumi GEO"]
[Date "2018.10.04"]
[Round "10.4"]
[White "Allotey, Dorcas"]
[Black "Khamboo, Monalisha"]
[Result "0-1"]
[WhiteElo "1241"]
[BlackElo "1704"]
[PlyCount "90"]
[EventDate "2018.09.24"]
[EventType "team-swiss"]
[EventRounds "11"]
[EventCountry "GEO"]
[SourceTitle "Ajedrez en Madrid"]
[Source "lmi"]
[SourceDate "2018.09.24"]
[WhiteTeam "Ghana"]
[BlackTeam "Nepal"]
[WhiteTeamCountry "GHA"]
[BlackTeamCountry "NEP"]

1. e4 c5 2. Nc3 d6 3. Bc4 Nf6 4. h3 g6 5. Nf3 Bg7 6. Ng5 e6 7. d3 O-O 8. O-O
Nc6 9. Bf4 Nh5 10. Qf3 h6 11. Nxf7 Rxf7 12. Nb5 Rxf4 13. Qe2 Na5 14. g4 Nxc4
15. dxc4 Nf6 16. Qe3 g5 17. f3 a6 18. Nc3 Nh7 19. Ne2 Rf7 20. Rad1 Bxb2 21. c3
b5 22. e5 d5 23. cxd5 exd5 24. Qxc5 Qe7 25. Qxd5 Bb7 26. Qd3 Qxe5 27. f4 gxf4
28. Rxf4 Rxf4 29. Nxf4 Qxf4 30. Qg6+ Kf8 31. Rd3 Qc1+ 32. Kf2 Qf4+ 33. Kg1 Qc1+
34. Kf2 Qc2+ 35. Kg3 Qg2+ 36. Kh4 Qf2+ 37. Rg3 Qf6+ 38. Kh5 Qg5+ 39. Qxg5 hxg5
40. Kh6 Kg8 41. h4 gxh4 42. Rh3 Rc8 43. g5 Bc1 44. Rxh4 Bxg5+ 45. Kh5 Bxh4 0-1

[Event "43. Olimpiada Batumi 2018 Femenina"]
[Site "Batumi GEO"]
[Date "2018.10.05"]
[Round "11.3"]
[White "Gunina, Valentina"]
[Black "Huang, Qian"]
[Result "1/2-1/2"]
[WhiteElo "2528"]
[BlackElo "2446"]
[PlyCount "61"]
[EventDate "2018.09.24"]
[EventType "team-swiss"]
[EventRounds "11"]
[EventCountry "GEO"]
[SourceTitle "Ajedrez en Madrid"]
[Source "lmi"]
[SourceDate "2018.09.24"]
[WhiteTeam "Russia"]
[BlackTeam "China"]
[WhiteTeamCountry "RUS"]
[BlackTeamCountry "CHN"]

1. d4 d5 2. c4 c6 3. Nf3 Nf6 4. e3 a6 5. Nc3 e6 6. Qc2 c5 7. dxc5 Bxc5 8. a3
dxc4 9. Bxc4 b5 10. Bd3 Nbd7 11. O-O Bb7 12. e4 Rc8 13. e5 Nd5 14. Bg5 Be7 15.
Bxe7 Qxe7 16. Nxd5 Rxc2 17. Nxe7 Rc7 18. Nf5 exf5 19. Bxf5 Bxf3 20. gxf3 Nxe5
21. Rfe1 Re7 22. Kg2 O-O 23. f4 Nc6 24. Rxe7 Nxe7 25. Be4 Rd8 26. b4 g6 27. Kf3
f5 28. Bc2 Kf8 29. Re1 Rc8 30. Bb3 Rc3+ 31. Re3 1/2-1/2

[Event "43. Olimpiada Batumi 2018 Femenina"]
[Site "Batumi GEO"]
[Date "2018.10.05"]
[Round "11.4"]
[White "Lei, Tingjie"]
[Black "Girya, Olga"]
[Result "1/2-1/2"]
[WhiteElo "2468"]
[BlackElo "2462"]
[PlyCount "121"]
[EventDate "2018.09.24"]
[EventType "team-swiss"]
[EventRounds "11"]
[EventCountry "GEO"]
[SourceTitle "Ajedrez en Madrid"]
[Source "lmi"]
[SourceDate "2018.09.24"]
[WhiteTeam "China"]
[BlackTeam "Russia"]
[WhiteTeamCountry "CHN"]
[BlackTeamCountry "RUS"]

1. e4 c6 2. Nc3 d5 3. Nf3 Bg4 4. h3 Bxf3 5. Qxf3 Nf6 6. d3 e6 7. Bd2 Qb6 8.
O-O-O d4 9. Ne2 a5 10. g4 Na6 11. e5 Nd5 12. Qe4 Bc5 13. f4 Nac7 14. Bg2 Nb5
15. Rdf1 Ba3 16. bxa3 Nxa3 17. Kd1 Qb1+ 18. Nc1 Nc3+ 19. Bxc3 Qxc2+ 20. Ke1
Qxc1+ 21. Kf2 Qxc3 22. Kg3 Nc2 23. Rb1 Nb4 24. Rhd1 O-O-O 25. a3 Qxa3 26. Ra1
Qb3 27. Bf3 Qd5 28. Qe2 Qb5 29. Ra3 Kc7 30. Rda1 Ra8 31. Rc1 Nd5 32. Rc4 Nc3
33. Qf2 Rhd8 34. Rxd4 Rxd4 35. Qxd4 Nd5 36. Qa1 a4 37. Qc1 Qb4 38. Bxd5 exd5
39. Qa1 d4 40. Qa2 Kb6 41. Qa1 Ra5 42. g5 Ka6 43. Kg4 b5 44. Qa2 Qe7 45. f5 Kb6
46. h4 Qxe5 47. Qxf7 b4 48. Ra2 b3 49. Rf2 Ra7 50. Qf8 a3 51. Qb4+ Qb5 52.
Qxd4+ Ka6 53. f6 gxf6 54. Rf5 Qb6 55. Qc4+ Kb7 56. Rxf6 a2 57. Rf7+ Ka8 58.
Rf8+ Kb7 59. Rf7+ Ka8 60. Rf8+ Kb7 61. Rf7+ 1/2-1/2

[Event "43. Olimpiada Batumi 2018 Femenina"]
[Site "Batumi GEO"]
[Date "2018.10.05"]
[Round "11.1"]
[White "Zatonskih, Anna"]
[Black "Muzychuk, Anna"]
[Result "0-1"]
[WhiteElo "2431"]
[BlackElo "2555"]
[PlyCount "84"]
[EventDate "2018.09.24"]
[EventType "team-swiss"]
[EventRounds "11"]
[EventCountry "GEO"]
[SourceTitle "Ajedrez en Madrid"]
[Source "lmi"]
[SourceDate "2018.09.24"]
[WhiteTeam "United States of America"]
[BlackTeam "Ukraine"]
[BlackTeamCountry "UKR"]

1. Nf3 Nf6 2. d4 g6 3. g3 Bg7 4. Bg2 d5 5. O-O O-O 6. c4 c6 7. Nbd2 a5 8. b3 a4
9. Ba3 Bf5 10. Nh4 Be6 11. e3 Re8 12. h3 Ne4 13. Nxe4 dxe4 14. f4 f5 15. Rf2
Nd7 16. Bf1 axb3 17. axb3 c5 18. b4 Nb6 19. bxc5 Nxc4 20. Bxc4 Bxc4 21. Ng2 b5
22. cxb6 Qxb6 23. Rb2 Qa5 24. Qc1 Bd3 25. Qd1 Rec8 26. Ne1 Bc4 27. Kf2 Bf6 28.
Rbb1 Qd5 29. Bb4 Rcb8 30. Rxa8 Rxa8 31. Ra1 Rb8 32. Qd2 Bxd4 33. exd4 e3+ 34.
Qxe3 Rxb4 35. Qe5 Rb2+ 36. Kg1 Rd2 37. Rc1 Rxd4 38. Qxe7 Re4 39. Qb4 Qd4+ 40.
Kh1 Rxe1+ 41. Qxe1 Bd5+ 42. Kh2 Qb2+ 0-1

[Event "43. Olimpiada Batumi 2018 Femenina"]
[Site "Batumi GEO"]
[Date "2018.10.05"]
[Round "11.3"]
[White "Abrahamyan, Tatev"]
[Black "Ushenina, Anna"]
[Result "1-0"]
[WhiteElo "2361"]
[BlackElo "2451"]
[PlyCount "107"]
[EventDate "2018.09.24"]
[EventType "team-swiss"]
[EventRounds "11"]
[EventCountry "GEO"]
[SourceTitle "Ajedrez en Madrid"]
[Source "lmi"]
[SourceDate "2018.09.24"]
[WhiteTeam "United States of America"]
[BlackTeam "Ukraine"]
[BlackTeamCountry "UKR"]

1. e4 c6 2. d4 d5 3. Nc3 dxe4 4. Nxe4 Bf5 5. Ng3 Bg6 6. h4 h6 7. Nf3 e6 8. h5
Bh7 9. Bd3 Bxd3 10. Qxd3 Nf6 11. Bd2 Qb6 12. O-O-O Qa6 13. Qxa6 Nxa6 14. Rhe1
Be7 15. c4 O-O 16. Bc3 Rfd8 17. Ne5 Bb4 18. Bxb4 Nxb4 19. a3 Na6 20. Re2 Kf8
21. b4 Nc7 22. a4 a6 23. a5 Nce8 24. Kc2 Nd6 25. f3 Rac8 26. Kc3 Rc7 27. Rh1
Ke7 28. Nd3 Kd7 29. Nf1 Ke7 30. g4 Kf8 31. Ng3 Nc8 32. Ne5 Nd7 33. f4 Ne7 34.
Ne4 Ng8 35. Nc5 Nxc5 36. bxc5 Nf6 37. g5 Nd7 38. Nf3 hxg5 39. fxg5 Ke7 40. h6
gxh6 41. gxh6 Rh8 42. Ng5 e5 43. dxe5 Nxc5 44. h7 Rd7 45. Rf1 Ke8 46. Ref2 Re7
47. Kc2 Ne6 48. Ne4 Kf8 49. Nf6 Ng5 50. Rg2 Nxh7 51. Rh1 Re6 52. Rxh7 Rxh7 53.
Rg8+ Ke7 54. Re8# 1-0

[Event "43. Olimpiada Batumi 2018 Femenina"]
[Site "Batumi GEO"]
[Date "2018.10.05"]
[Round "11.4"]
[White "Zhukova, Natalia"]
[Black "Yu, Jennifer"]
[Result "1-0"]
[WhiteElo "2403"]
[BlackElo "2268"]
[PlyCount "95"]
[EventDate "2018.09.24"]
[EventType "team-swiss"]
[EventRounds "11"]
[EventCountry "GEO"]
[SourceTitle "Ajedrez en Madrid"]
[Source "lmi"]
[SourceDate "2018.09.24"]
[WhiteTeam "Ukraine"]
[BlackTeam "United States of America"]
[WhiteTeamCountry "UKR"]

1. d4 d5 2. c4 c6 3. Nf3 Nf6 4. Nc3 dxc4 5. a4 Bf5 6. Ne5 Nbd7 7. Nxc4 Qc7 8.
g3 e5 9. dxe5 Nxe5 10. Bf4 Nfd7 11. Bg2 f6 12. Ne3 Be6 13. O-O O-O-O 14. Qc2
Nc5 15. b4 Nb3 16. Rad1 Nd4 17. Qb2 g5 18. Bxe5 Qxe5 19. b5 c5 20. b6 a6 21.
Rd2 f5 22. Rfd1 Bg7 23. Qa3 f4 24. Nf1 Bc4 25. e3 Nb3 26. Bh3+ Be6 27. Rd5 Rxd5
28. Rxd5 Qxc3 29. Bxe6+ Kb8 30. Rd7 Na5 31. Qa2 Qe5 32. Bh3 Rf8 33. Qd2 Nc6 34.
Rc7 g4 35. Bxg4 fxe3 36. fxe3 Qb2 37. Qxb2 Bxb2 38. Nd2 Ne5 39. Be6 Bc1 40. Nf1
Nf3+ 41. Kg2 Ne1+ 42. Kh3 h6 43. Bd5 Rxf1 44. Rxb7+ Kc8 45. Ra7 Rf2 46. Bc6 Kd8
47. Rd7+ Kc8 48. b7+ 1-0

[Event "43. Olimpiada Batumi 2018 Femenina"]
[Site "Batumi GEO"]
[Date "2018.10.05"]
[Round "11.1"]
[White "Vo, Thi Kim Phung"]
[Black "Mammadzada, Gunay"]
[Result "0-1"]
[WhiteElo "2368"]
[BlackElo "2438"]
[PlyCount "76"]
[EventDate "2018.09.24"]
[EventType "team-swiss"]
[EventRounds "11"]
[EventCountry "GEO"]
[SourceTitle "Ajedrez en Madrid"]
[Source "lmi"]
[SourceDate "2018.09.24"]
[WhiteTeam "Vietnam"]
[BlackTeam "Azerbaijan"]
[WhiteTeamCountry "VIE"]
[BlackTeamCountry "AZE"]

1. d4 d5 2. c4 c6 3. Nc3 Nf6 4. e3 a6 5. Nf3 Bf5 6. Be2 h6 7. Qb3 Ra7 8. a4 e6
9. O-O Bd6 10. Bd2 a5 11. h3 Nbd7 12. Rfd1 Qe7 13. Be1 g5 14. Rac1 O-O 15. Nd2
Kh8 16. f3 Bg6 17. Nf1 Nh5 18. g3 f5 19. f4 Ndf6 20. Bf3 Rg8 21. fxg5 Ne4 22.
Bxe4 fxe4 23. Rd2 Qxg5 24. Rg2 Ng7 25. g4 Qe7 26. Bg3 Bxg3 27. Rxg3 Qb4 28. Qd1
Qxb2 29. c5 b6 30. Rg2 Qa3 31. Rgc2 Rf7 32. Nd2 Nf5 33. gxf5 Bh5+ 34. Kh2 Bxd1
35. Rxd1 Rxf5 36. Ndb1 Qb3 37. Rdd2 bxc5 38. dxc5 Qb8+ 0-1

[Event "43. Olimpiada Batumi 2018 Femenina"]
[Site "Batumi GEO"]
[Date "2018.10.05"]
[Round "11.2"]
[White "Mamedjarova, Zeinab"]
[Black "Pham, Le Thao Nguyen"]
[Result "1/2-1/2"]
[WhiteElo "2358"]
[BlackElo "2347"]
[PlyCount "150"]
[EventDate "2018.09.24"]
[EventType "team-swiss"]
[EventRounds "11"]
[EventCountry "GEO"]
[SourceTitle "Ajedrez en Madrid"]
[Source "lmi"]
[SourceDate "2018.09.24"]
[WhiteTeam "Azerbaijan"]
[BlackTeam "Vietnam"]
[WhiteTeamCountry "AZE"]
[BlackTeamCountry "VIE"]

1. d4 d5 2. Nf3 Nf6 3. c4 c6 4. cxd5 cxd5 5. Bf4 Nc6 6. e3 a6 7. Bd3 Qb6 8. Nc3
Bg4 9. O-O e6 10. h3 Bxf3 11. Qxf3 Be7 12. a3 O-O 13. b4 Qd8 14. Rfc1 Bd6 15.
Bg5 h6 16. Bh4 Be7 17. g4 Nd7 18. Bg3 Nb6 19. b5 Na5 20. bxa6 bxa6 21. Rc2 Nbc4
22. Kh1 Rc8 23. Ne2 Nb3 24. Rd1 Bxa3 25. e4 Qa5 26. exd5 Ncd2 27. Qg2 Rxc2 28.
Bxc2 exd5 29. Bf4 g5 30. Be3 Qc7 31. Bd3 Ne4 32. Ng3 Nxg3+ 33. fxg3 Re8 34. Bg1
Qd6 35. Rb1 Nc1 36. Bf1 Rb8 37. Rxb8+ Qxb8 38. Bxa6 Nb3 39. Kh2 Qb6 40. Bd3
Nxd4 41. Qxd5 Qb2+ 42. Kh1 Ne6 43. Bf5 Nf8 44. Be4 Bb4 45. Qf5 Be7 46. Bd5 Qf6
47. Qe4 Bd6 48. Bd4 Qe7 49. Qf3 Qe1+ 50. Kg2 Qd2+ 51. Bf2 Ne6 52. Bxe6 fxe6 53.
Qf6 Qd5+ 54. Kg1 Bf8 55. Bd4 Qe4 56. Qd8 Qd3 57. Kg2 Qe2+ 58. Bf2 Qe4+ 59. Kg1
Qd5 60. Qf6 Bg7 61. Qg6 e5 62. Qf5 Qc4 63. h4 gxh4 64. gxh4 Qf7 65. Qe4 Qe6 66.
Be3 Qb3 67. g5 hxg5 68. hxg5 Qe6 69. g6 Bf8 70. Kg2 Kg7 71. Kh2 Bd6 72. Bf2
Qxg6 73. Qxg6+ Kxg6 74. Bg3 Kf5 75. Bxe5 Bxe5+ 1/2-1/2

[Event "43. Olimpiada Batumi 2018 Femenina"]
[Site "Batumi GEO"]
[Date "2018.10.05"]
[Round "11.3"]
[White "Hoang, Thi Bao Tram"]
[Black "Mammadova, Gulnar"]
[Result "1/2-1/2"]
[WhiteElo "2323"]
[BlackElo "2355"]
[PlyCount "133"]
[EventDate "2018.09.24"]
[EventType "team-swiss"]
[EventRounds "11"]
[EventCountry "GEO"]
[SourceTitle "Ajedrez en Madrid"]
[Source "lmi"]
[SourceDate "2018.09.24"]
[WhiteTeam "Vietnam"]
[BlackTeam "Azerbaijan"]
[WhiteTeamCountry "VIE"]
[BlackTeamCountry "AZE"]

1. d4 f5 2. c4 Nf6 3. Nc3 g6 4. g3 Bg7 5. Bg2 O-O 6. Nf3 d6 7. O-O Qe8 8. d5
Na6 9. Nd4 Bd7 10. Rb1 c6 11. b3 Nc7 12. Bb2 Rb8 13. Qd2 c5 14. Nc2 b5 15. cxb5
Nxb5 16. Nxb5 Bxb5 17. Rfd1 Qf7 18. Ba1 Ng4 19. Bxg7 Qxg7 20. Re1 f4 21. f3 Nh6
22. gxf4 Nf5 23. Kh1 Qh6 24. e3 Nh4 25. Rbd1 Qh5 26. Qf2 Kh8 27. Qg3 g5 28.
Qxg5 Qxg5 29. fxg5 Nxf3 30. Bxf3 Rxf3 31. e4 Rf2 32. Ne3 Rg8 33. h4 h6 34. Nf5
hxg5 35. Nxe7 Rd8 36. hxg5 Kg7 37. Kg1 Rf4 38. Kg2 Bd7 39. Rd3 Re8 40. Nc6 Bf5
41. Rde3 Rg4+ 42. Kf3 Bd7 43. a4 a6 44. Na5 Rxg5 45. Nc4 Rg6 46. Kf2 Rh8 47.
Rf3 Rh2+ 48. Ke3 Bh3 49. Rf2 Bg2 50. Ree2 Rh3+ 51. Kd2 Bh1 52. Re3 Rhh6 53. Re1
Rh4 54. Rfe2 Kf8 55. Kd3 Rg3+ 56. Re3 Bxe4+ 57. Kc3 Rh2 58. b4 Rxe3+ 59. Rxe3
Bxd5 60. Nxd6 cxb4+ 61. Kxb4 Bc6 62. a5 Rh5 63. Nc4 Rb5+ 64. Kc3 Bd5 65. Na3
Rb3+ 66. Kd4 Rxe3 67. Kxe3 1/2-1/2

[Event "43. Olimpiada Batumi 2018 Femenina"]
[Site "Batumi GEO"]
[Date "2018.10.05"]
[Round "11.4"]
[White "Fataliyeva, Ulviyya"]
[Black "Nguyen, Thi Mai Hung"]
[Result "0-1"]
[WhiteElo "2320"]
[BlackElo "2244"]
[PlyCount "102"]
[EventDate "2018.09.24"]
[EventType "team-swiss"]
[EventRounds "11"]
[EventCountry "GEO"]
[SourceTitle "Ajedrez en Madrid"]
[Source "lmi"]
[SourceDate "2018.09.24"]
[WhiteTeam "Azerbaijan"]
[BlackTeam "Vietnam"]
[WhiteTeamCountry "AZE"]
[BlackTeamCountry "VIE"]

1. e4 e6 2. d4 d5 3. Nd2 Be7 4. Bd3 c5 5. c3 Nc6 6. Ngf3 Nf6 7. O-O dxe4 8.
Nxe4 cxd4 9. cxd4 O-O 10. Nc3 b6 11. a3 Bb7 12. Bc2 Qc8 13. Be3 Rd8 14. Qb1 h6
15. Qa2 Na5 16. Ne5 Nd5 17. Nxd5 Bxd5 18. b3 Qb7 19. f3 Rac8 20. Qb2 Bd6 21. b4
Bxe5 22. bxa5 Bxh2+ 23. Kxh2 Qc7+ 24. Kg1 Qxc2 25. Qxc2 Rxc2 26. axb6 axb6 27.
Rfc1 Re2 28. Bf2 b5 29. Rc5 Rb2 30. Rac1 Bc4 31. a4 Ra8 32. a5 Rxa5 33. R1xc4
Raa2 34. Rc8+ Kh7 35. R4c7 Rxf2 36. Rxf7 Rxg2+ 37. Kf1 Rgf2+ 38. Kg1 Rfd2 39.
Rc1 Rxd4 40. Rb7 Rb2 41. Re7 Rd3 42. f4 Re3 43. Kf1 b4 44. Rcc7 Rf3+ 45. Kg1
Rg3+ 46. Kh1 b3 47. Rb7 Rc2 48. Rxe6 b2 49. f5 Ra3 50. Re1 Ra1 51. Rg1 Rxg1+
0-1

[Event "43. Olimpiada Batumi 2018 Femenina"]
[Site "Batumi GEO"]
[Date "2018.10.05"]
[Round "11.1"]
[White "Hoang, Thanh Trang"]
[Black "Unuk, Laura"]
[Result "1/2-1/2"]
[WhiteElo "2423"]
[BlackElo "2299"]
[PlyCount "102"]
[EventDate "2018.09.24"]
[EventType "team-swiss"]
[EventRounds "11"]
[EventCountry "GEO"]
[SourceTitle "Ajedrez en Madrid"]
[Source "lmi"]
[SourceDate "2018.09.24"]
[WhiteTeam "Hungary"]
[BlackTeam "Slovenia"]
[WhiteTeamCountry "HUN"]
[BlackTeamCountry "SLO"]

1. d4 d5 2. Bf4 Nf6 3. e3 c5 4. Nf3 Nc6 5. c3 e6 6. Nbd2 Bd6 7. Bg3 O-O 8. Bd3
b6 9. O-O Bb7 10. Qe2 Ne7 11. Rad1 Nf5 12. Be5 Qe7 13. Bxf6 Qxf6 14. e4 dxe4
15. Bxe4 Qe7 16. Bxb7 Qxb7 17. Ne4 Be7 18. dxc5 bxc5 19. Rd2 Rfd8 20. Rfd1 Qc7
21. h3 Rab8 22. Rxd8+ Rxd8 23. Rxd8+ Qxd8 24. Qb5 h6 25. Qe2 Qd5 26. b3 Nd6 27.
Nxd6 Qxd6 28. Qd2 Qc7 29. Qd3 Bf6 30. c4 Qf4 31. g3 Qc1+ 32. Kg2 Qb2 33. Qd2
Qxd2 34. Nxd2 Kf8 35. Kf3 Bd4 36. Ke2 Ke7 37. f3 Kd6 38. Kd3 Bg1 39. Ne4+ Kc6
40. Nc3 Bf2 41. Ne2 Kd6 42. g4 a6 43. Ke4 g6 44. a3 f5+ 45. Kd3 a5 46. Nf4 g5
47. Ne2 Ke5 48. Kc3 Be1+ 49. Kd3 Bf2 50. Kc3 Be1+ 51. Kd3 Bf2 1/2-1/2